| 000 | 00916nam a22002297a 4500 | ||
|---|---|---|---|
| 999 |
_c21338 _d21338 |
||
| 003 | AR-CdUCM | ||
| 008 | 190304b ||||| |||| 00| 0 spa d | ||
| 020 | _a9786124702754 | ||
| 040 |
_aMUNICIPALIDAD PROVINCIAL DEL CUSCO _cBIBLIOTECA MUNICIPAL DEL CUSCO |
||
| 082 |
_a869.508/V17 _bV17 _2Cuarta |
||
| 100 |
_aValcárcel, Luis E _9628 |
||
| 245 |
_aTempestad en los andes / _cLuis Eduardo Varcárcel |
||
| 260 |
_aCusco ; _bRey de Bastos, _c2017. |
||
| 300 |
_a318 Páginas. : _c20 cm. |
||
| 505 | _aContenido: Tempestad en los andes -- Detras de las montañas -- La sierra trágica -- Los nuevos indios -- Ideario -- El problema indígena -- ¡arriba los indios! -- Portafolio arriba los peruanos -- La acción adventista ... | ||
| 650 |
_aIndigenismo _9208 |
||
| 650 |
_aIndígenas del Perú _95715 |
||
| 650 |
_aEnsayos peruanos _944496 |
||
| 650 |
_aSiglo XX _944497 |
||
| 942 |
_2ddc _cLIBROS |
||
| 945 | _aRoel | ||